Fundamental Research on Nanomanufacturing /

Contiene: 1) Descripción general del proyecto; 2) Situación de la investigación; 3) Fabricación de precisión a escala nanométrica y subnanométrica; 4) Fabricación uniforme de estructuras a escala macro, micro y nano; 5) Fabricación integrada a múltiples escalas de nanoestructuras y dispositivos; 6)...

Descripció completa

Guardat en:
Dades bibliogràfiques
Altres autors: Lu, Bingheng (editor) Editor, Yang, Wei (prefacio) (prefacio)
Format: Llibre
Idioma:anglès
Publicat: Singapur : Zhejiang, China : Springer ; Universidad de Zhejiang, 2023, c2023
Col·lecció:(Reports of China’s Basic Research)
Matèries:
Accés en línia:Ver documento en línea
Etiquetes: Afegir etiqueta
Sense etiquetes, Sigues el primer a etiquetar aquest registre!

MARC

LEADER 00000nam^a2200000^a^4500
001 000630792
005 20260415000000.0
009 20260415195732.658
020 |a 978-981-19-8975-9 
037 |a Acervo ITESO - Biblioteca 
041 |a ING 
082 |a 620. 5  |b LU 
100 |a Lu, Bingheng  |e (editor) 
245 1 0 |a Fundamental Research on Nanomanufacturing /  |c Ed. de B. Lu ; pref. de W. Yang. 
264 4 |a Singapur :  |b Springer ;  |a Zhejiang, China :  |b Universidad de Zhejiang,  |c 2023, c2023 
264 2 |a Cham, Suiza :  |b Springer Link [distribución],  |c 2026, c2026 
300 |a 1 libro electrónico en línea (XVIII, 131 p.) 
300 |a 1 recurso en línea 
336 |a datos para computadora  |b cod  |2 rdacontenido 
337 |a computadora  |b c  |2 rdamedio 
338 |a recurso en línea  |b cr  |2 rdasoporte 
440 1 |a (Reports of China’s Basic Research) 
506 0 |a Licencias ilimitadas 
520 |a Contiene: 1) Descripción general del proyecto; 2) Situación de la investigación; 3) Fabricación de precisión a escala nanométrica y subnanométrica; 4) Fabricación uniforme de estructuras a escala macro, micro y nano; 5) Fabricación integrada a múltiples escalas de nanoestructuras y dispositivos; 6) Nuevos métodos de micro y nanofabricación con láser; 7) Otros principios de nanofabricación y avances tecnológicos; 8) Perspectivas. 
521 |a 2025 BO Licenciatura en Ingeniería en Nanotecnología 
649 |a XX 
650 |a Materiales Nanoestructurados 
650 |a Nanoelectrónica 
650 |a Investigación y Desarrollo -  |x Tema Principal 
650 |a Ingeniería de Procesos 
650 |a Nanotecnología -  |x Tema Principal 
650 |a Ingeniería 
700 |a Yang, Wei  |e (prefacio) 
856 4 0 |u https://link-springer-com.ezproxy.iteso.mx/10.1007/978-981-19-8975-9  |y Ver documento en línea 
910 |a Fondo General 
920 |a Electrónicos - Libros en Línea 
930 |a Plataforma Digital 
905 |a 205 
902 |a https://opac.biblio.iteso.mx/vufind/Record/000630792